[Event "21st ch-EUR Indiv w 2021"]
[Site "Iasi ROU"]
[Date "2021.08.19"]
[Round "10.22"]
[White "Balajayeva, Khanim"]
[Black "Pavlidou, Ekaterini"]
[Result "1-0"]
[WhiteTitle "WGM"]
[BlackTitle "WIM"]
[WhiteElo "2376"]
[BlackElo "2136"]
[WhiteFideId "13406396"]
[BlackFideId "4213262"]
[EventDate "2021.08.09"]

1. e4 c5 2. c3 g6 3. d4 cxd4 4. cxd4 d5 5. e5 Nc6 6. Nc3 Bg7 7. h3 f6 8. f4 Nh6
9. g4 fxe5 10. fxe5 O-O 11. Bg2 e6 12. Nf3 b5 13. Be3 Qb6 14. Qd2 Nf7 15. h4 Bd7
16. Rd1 Rae8 17. h5 Qb8 18. hxg6 Nfxe5 19. gxh7+ Kh8 20. dxe5 Nxe5 21. Nxe5 Qxe5
22. Ne2 Rf7 23. Rh5 Qd6 24. Rc1 Ref8 25. Bc5 Qb8 26. Bxf8 Qxf8 27. Rh1 e5 28.
Bxd5 Rf2 29. Qe3 1-0

[Event "21st ch-EUR Indiv w 2021"]
[Site "Iasi ROU"]
[Date "2021.08.19"]
[Round "10.23"]
[White "Gevorgyan, Maria"]
[Black "Radeva, Viktoria"]
[Result "0-1"]
[WhiteTitle "WGM"]
[BlackTitle "WGM"]
[WhiteElo "2232"]
[BlackElo "2372"]
[WhiteFideId "13300270"]
[BlackFideId "2915405"]
[EventDate "2021.08.09"]

1. e4 e6 2. d4 d5 3. Nc3 Nf6 4. Bg5 Bb4 5. e5 h6 6. Bd2 Bxc3 7. Bxc3 Ne4 8. Qg4
O-O 9. h4 c5 10. Rh3 f5 11. Qf4 Nc6 12. O-O-O cxd4 13. Bxd4 Nxd4 14. Rxd4 Qa5
15. Rd1 Bd7 16. Ra3 Qc5 17. Re3 Rac8 18. Bd3 Bb5 19. Re2 Bc4 20. Bxc4 Qxc4 21.
f3 Qxa2 22. fxe4 fxe4 23. Qe3 Qa1+ 24. Kd2 Qxb2 25. Qb3 Qxe5 26. Kc1 Rc6 27.
Qxb7 Rb6 28. Qe7 Qf4+ 29. Rdd2 Rfb8 30. c4 Rb1+ 31. Kc2 R1b2+ 32. Kd1 Rxd2+ 33.
Rxd2 Qf1+ 34. Kc2 Qxc4+ 0-1

[Event "21st ch-EUR Indiv w 2021"]
[Site "Iasi ROU"]
[Date "2021.08.19"]
[Round "10.24"]
[White "Zimina, Olga"]
[Black "Rozman, Monika"]
[Result "1-0"]
[WhiteTitle "IM"]
[BlackTitle "WFM"]
[WhiteElo "2345"]
[BlackElo "2122"]
[WhiteFideId "4132190"]
[BlackFideId "14609118"]
[EventDate "2021.08.09"]

1. Nf3 d5 2. d4 Nf6 3. c4 c6 4. e3 Bf5 5. Nc3 e6 6. Nh4 Bg6 7. Be2 Nbd7 8. O-O
Bd6 9. g3 O-O 10. Nxg6 hxg6 11. Qc2 dxc4 12. Bxc4 b5 13. Be2 a6 14. Rd1 c5 15.
Bf3 Ra7 16. dxc5 Bxc5 17. Ne4 Nxe4 18. Qxe4 Qe7 19. Bd2 Nf6 20. Qh4 Rd8 21. Ba5
Rxd1+ 22. Rxd1 Rd7 23. Rc1 Nd5 24. Qxe7 Bxe7 25. Rc6 Rd6 26. Rc8+ Kh7 27. e4 Nb6
28. Rc7 Bf6 29. b3 Nd7 30. Bb4 Rd4 31. Bc3 Rd3 32. Bxf6 gxf6 33. Be2 Rd6 34. a4
bxa4 35. bxa4 Kg7 36. f4 Nb8 37. Rb7 Nd7 38. Rc7 Nb8 39. Kf2 Rb6 40. a5 Rb2 41.
Ke3 Rb3+ 42. Kd4 Ra3 43. Bc4 Rxa5 44. Bxe6 Nc6+ 45. Rxc6 fxe6 46. Rxe6 Ra2 47.
Re7+ Kf8 48. Ra7 Rxh2 49. Kd5 Rb2 50. Rxa6 Kf7 51. Ra7+ Kf8 52. Rd7 Rb6 53. Rd6
Rb5+ 54. Ke6 f5 55. Kf6 Ke8 56. e5 Rb3 57. Ra6 Rb8 58. Ra7 1-0

[Event "21st ch-EUR Indiv w 2021"]
[Site "Iasi ROU"]
[Date "2021.08.19"]
[Round "10.25"]
[White "Sliwicka, Alicja"]
[Black "Ilyuchyk, Yana"]
[Result "1-0"]
[WhiteTitle "WIM"]
[BlackTitle "WFM"]
[WhiteElo "2306"]
[BlackElo "2097"]
[WhiteFideId "1150677"]
[BlackFideId "13508407"]
[EventDate "2021.08.09"]

1. e4 c5 2. Nf3 Nc6 3. d4 cxd4 4. Nxd4 Nf6 5. Nc3 d6 6. Bb5 Bd7 7. Bg5 e6 8. Qd3
Be7 9. O-O-O Ne5 10. Qh3 Bxb5 11. Ndxb5 Nc4 12. b3 a6 13. bxc4 axb5 14. e5 b4
15. Nb5 Ne4 16. Bxe7 Qxe7 17. Qe3 Nc3 18. exd6 Qd8 19. d7+ Kf8 20. Nxc3 bxc3 21.
Qxc3 f6 22. Rd6 Ke7 23. c5 Qa5 24. Qc4 Qxa2 25. Rxe6+ Kxd7 26. c6+ Kc7 27. Qf4+
Kb6 28. Qb4+ Ka6 29. cxb7+ Qxe6 30. bxa8=Q+ Rxa8 31. Rd1 1-0

[Event "21st ch-EUR Indiv w 2021"]
[Site "Iasi ROU"]
[Date "2021.08.19"]
[Round "10.26"]
[White "Urh, Zala"]
[Black "Heinemann, Josefine"]
[Result "1/2-1/2"]
[WhiteTitle "WIM"]
[BlackTitle "WGM"]
[WhiteElo "2216"]
[BlackElo "2296"]
[WhiteFideId "14611481"]
[BlackFideId "12900460"]
[EventDate "2021.08.09"]

1. d4 Nf6 2. c4 e6 3. Nf3 b6 4. g3 Ba6 5. Qa4 c5 6. dxc5 Bxc5 7. Bg2 Bb7 8. O-O
O-O 9. Nc3 Qe7 10. a3 a5 11. Qc2 d5 12. cxd5 exd5 13. Na4 d4 14. Rd1 Be4 15. Qc4
Bd5 16. Qc2 Be4 17. Qc4 Bd5 18. Qc2 Be4 1/2-1/2

[Event "21st ch-EUR Indiv w 2021"]
[Site "Iasi ROU"]
[Date "2021.08.19"]
[Round "10.27"]
[White "Gaboyan, Susanna"]
[Black "Bulmaga, Irina"]
[Result "0-1"]
[WhiteTitle "WIM"]
[BlackTitle "IM"]
[WhiteElo "2215"]
[BlackElo "2413"]
[WhiteFideId "13303627"]
[BlackFideId "13903063"]
[EventDate "2021.08.09"]

1. Nf3 Nf6 2. g3 d5 3. Bg2 c6 4. O-O Bg4 5. d3 Nbd7 6. Nbd2 e5 7. e4 dxe4 8.
dxe4 Bc5 9. Qe2 O-O 10. a4 a5 11. Nc4 Qc7 12. h3 Bh5 13. g4 Bg6 14. Ne1 b5 15.
axb5 cxb5 16. Ne3 Bxe3 17. Qxe3 Nc5 18. f3 Nfd7 19. Nd3 Ne6 20. c3 f6 21. Qf2
Bf7 22. Be3 g5 23. Rfd1 Nf4 24. Bf1 Bc4 25. Qd2 Rfd8 26. Nxf4 exf4 27. Bxc4+
bxc4 28. Qd5+ Kg7 29. Bd4 Ne5 30. Bxe5 fxe5 31. Qe6 Rd3 32. Rxd3 cxd3 33. Rd1
Rd8 34. Rd2 Qd6 35. Qc4 Qb6+ 36. Kf1 Qd6 37. Qb5 a4 38. Qxa4 Qh6 39. Qa7+ Kg8
40. Kg2 Qh4 41. Qf2 Qh6 42. Qc5 Qh4 43. Qf2 Qh6 44. Qf1 Qb6 45. Qd1 Qe3 46. b4
Kg7 47. b5 h6 48. c4 Kf6 49. Qc1 Ra8 50. Qc3 Ra3 51. Qb4 Ke6 52. Qxa3 Qxd2+ 53.
Kg1 Qe1+ 54. Kg2 Qg3+ 55. Kh1 Qxh3+ 56. Kg1 Qg3+ 57. Kh1 Qxf3+ 58. Kh2 Qg3+ 59.
Kh1 Qh3+ 60. Kg1 Qxg4+ 61. Kh2 Qe2+ 62. Kg1 d2 63. Qh3+ Ke7 64. Qa3+ Kf7 0-1

[Event "21st ch-EUR Indiv w 2021"]
[Site "Iasi ROU"]
[Date "2021.08.19"]
[Round "10.28"]
[White "Dornbusch, Tatiana"]
[Black "Kulon, Klaudia"]
[Result "0-1"]
[WhiteTitle "WGM"]
[BlackTitle "IM"]
[WhiteElo "2249"]
[BlackElo "2363"]
[WhiteFideId "14107449"]
[BlackFideId "1131044"]
[EventDate "2021.08.09"]

1. d4 Nf6 2. Nf3 e6 3. g3 b5 4. Bg2 d5 5. a4 b4 6. c4 bxc3 7. Nxc3 c5 8. O-O Nc6
9. Bf4 a6 10. Rc1 Qb6 11. dxc5 Bxc5 12. a5 Qb7 13. Na4 Ba7 14. Bd6 Ne4 15. Ba3
Bd7 16. Nd2 Nxd2 17. Qxd2 Ne7 18. Nc3 Bc6 19. Qg5 Ng6 20. e4 d4 21. Nd5 Rc8 22.
Nb4 f6 23. Qd2 Ne5 24. Nxc6 Rxc6 25. Rxc6 Qxc6 26. Rc1 Qd7 27. Bd6 Qxd6 28. Rc8+
Kf7 29. Rxh8 d3 30. Rc8 Ng4 31. Bf3 Nxf2 32. Kg2 Kg6 33. Rc1 Qd4 34. Re1 Bc5 35.
Qc3 d2 36. Rf1 Qxc3 37. bxc3 Nd3 38. Rd1 Ne1+ 39. Kf1 Nxf3 40. Ke2 Ng5 41. Kd3
f5 42. exf5+ Kxf5 43. Rxd2 Nf3 44. Rb2 e5 45. Rb7 e4+ 46. Kc4 Bf2 47. Rxg7 Ke6
48. Rxh7 Ne5+ 49. Kb3 e3 50. Rh4 e2 51. Re4 e1=Q 52. Rxe1 Bxe1 0-1

[Event "21st ch-EUR Indiv w 2021"]
[Site "Iasi ROU"]
[Date "2021.08.19"]
[Round "10.29"]
[White "Chernyak, Viktoria"]
[Black "Sieber, Fiona"]
[Result "1-0"]
[WhiteTitle "WGM"]
[BlackTitle "WIM"]
[WhiteElo "2319"]
[BlackElo "2254"]
[WhiteFideId "24165956"]
[BlackFideId "12902373"]
[EventDate "2021.08.09"]

1. d4 Nf6 2. Bf4 e6 3. e3 c5 4. c3 Qb6 5. Qb3 Nh5 6. Bg5 h6 7. Bh4 g5 8. Be2 Nf6
9. Bg3 Nc6 10. Nd2 Na5 11. Qc2 d6 12. h3 Bd7 13. Ngf3 Rc8 14. O-O Bb5 15. dxc5
dxc5 16. Bxb5+ Qxb5 17. c4 Qb6 18. Qc3 Bg7 19. Ne4 Nxe4 20. Qxg7 Rf8 21. b3 Qd8
22. Qxh6 Nc6 23. Qh7 Nxg3 24. fxg3 g4 25. hxg4 Qf6 26. Qe4 Rd8 27. g5 Qg6 28.
Qf4 Qc2 29. Rf2 Qc3 30. Raf1 Rd7 31. Re2 Rg8 32. Ree1 Qc2 33. Rf2 Qc3 34. Ref1
Rf8 35. g4 Rg8 36. Re2 Rf8 37. Ree1 Qc2 38. Rf2 Qc3 39. Ref1 Rg8 40. Nd2 e5 41.
Qf3 Rxd2 42. Qxf7+ Kd8 43. Qxg8+ Kc7 44. Qh7+ Kb6 45. Rxd2 Qxd2 46. Qe4 1-0

[Event "21st ch-EUR Indiv w 2021"]
[Site "Iasi ROU"]
[Date "2021.08.19"]
[Round "10.30"]
[White "Mamedjarova, Turkan"]
[Black "Gvanceladze, Anna"]
[Result "1/2-1/2"]
[WhiteTitle "WGM"]
[BlackTitle "WFM"]
[WhiteElo "2309"]
[BlackElo "2182"]
[WhiteFideId "13402005"]
[BlackFideId "4113721"]
[EventDate "2021.08.09"]

1. d4 d5 2. c4 c6 3. Nc3 Nf6 4. Nf3 dxc4 5. a4 Bf5 6. e3 e6 7. Bxc4 Bb4 8. O-O
Nbd7 9. Qb3 Qb6 10. e4 Bg6 11. e5 Nd5 12. Nxd5 cxd5 13. Bb5 Qa5 14. Nh4 a6 15.
Bxd7+ Kxd7 16. f4 Be4 17. f5 Raf8 18. Qg3 Be7 19. fxe6+ fxe6 20. Bg5 Qb4 21.
Bxe7 Qxe7 22. Nf3 Bxf3 23. Rxf3 Rxf3 24. Qxf3 Rf8 25. Qb3 Kc7 26. Qc2+ Kb8 27.
Qxh7 Qb4 28. Qxg7 Qxd4+ 29. Kh1 Rc8 30. h3 Qxb2 31. Rf1 d4 32. Qd7 Qe2 33. Rb1
Qe4 34. Qd6+ Ka8 35. Rf1 Rc2 36. Rg1 d3 37. a5 Rc6 38. Qf8+ Ka7 39. Qf2+ Kb8 40.
Qf8+ Ka7 41. Qf2+ Kb8 42. Qf8+ Rc8 43. Qd6+ Ka8 44. Rf1 Qe3 45. Rd1 Rc3 46. Rf1
Rc8 47. Rd1 Rc3 48. Rf1 Rc8 49. Rd1 Rc3 50. Rf1 1/2-1/2

[Event "21st ch-EUR Indiv w 2021"]
[Site "Iasi ROU"]
[Date "2021.08.19"]
[Round "10.31"]
[White "Grigorieva, Yulia"]
[Black "Calzetta Ruiz, Monica"]
[Result "1-0"]
[WhiteTitle "WFM"]
[BlackTitle "WGM"]
[WhiteElo "2140"]
[BlackElo "2306"]
[WhiteFideId "34104868"]
[BlackFideId "2204185"]
[EventDate "2021.08.09"]

1. d4 Nf6 2. c4 g6 3. Nc3 Bg7 4. e4 d6 5. Nf3 O-O 6. Be2 c5 7. O-O Re8 8. dxc5
dxc5 9. Qxd8 Rxd8 10. Be3 b6 11. Rad1 Nc6 12. Rxd8+ Nxd8 13. h3 Bb7 14. Nd2 Nc6
15. f4 e5 16. g3 exf4 17. gxf4 Nd4 18. Bd1 Bh6 19. Nd5 Kg7 20. Bxd4 cxd4 21.
Nxf6 Kxf6 22. e5+ Ke7 23. Bf3 Bxf3 24. Rxf3 Rd8 25. Kf2 d3 26. Ke3 g5 27. Ke4
gxf4 28. Rxd3 Rg8 29. Nf3 Rg2 30. Nd4 Bg5 31. h4 Bxh4 32. Nf5+ Ke8 33. Nxh4 Rxb2
34. a3 Rc2 35. Kd5 h5 36. Nf5 Rg2 37. Kc6 Rg5 38. Nd6+ Kf8 39. Rf3 Rxe5 40. Rxf4
Re7 41. Rf5 h4 42. Rh5 Re6 43. Rxh4 Ke7 44. Rd4 f5 45. Kc7 Kf6 46. Rd5 Re3 47.
Rxf5+ Ke6 48. a4 Ra3 49. a5 bxa5 50. c5 a4 51. c6 Rd3 52. Rf2 a3 53. Re2+ Kd5
54. Kd7 Kc5 55. Rc2+ 1-0

[Event "21st ch-EUR Indiv w 2021"]
[Site "Iasi ROU"]
[Date "2021.08.19"]
[Round "10.32"]
[White "Agrest, Inna"]
[Black "Petrova, Irina"]
[Result "1-0"]
[WhiteTitle "WIM"]
[BlackTitle "WIM"]
[WhiteElo "2281"]
[BlackElo "2110"]
[WhiteFideId "1708830"]
[BlackFideId "14124122"]
[EventDate "2021.08.09"]

1. e4 d6 2. d4 Nf6 3. Nc3 g6 4. Be3 a6 5. h3 Bg7 6. f4 O-O 7. Nf3 b5 8. e5 Nfd7
9. h4 c5 10. e6 fxe6 11. h5 Nf6 12. hxg6 h6 13. Ng5 cxd4 14. Nf7 Qa5 15. Bxd4 b4
16. Nxh6+ Bxh6 17. Rxh6 bxc3 18. Bxc3 Qd5 19. Qg4 Qe4+ 20. Be2 e5 21. Qh4 Qxf4
22. g4 Qe3 23. Bd2 Qg1+ 24. Bf1 Nh5 25. Rh8+ Kxh8 26. Qxh5+ Kg7 27. Qh6+ Kf6 28.
g7+ 1-0

[Event "21st ch-EUR Indiv w 2021"]
[Site "Iasi ROU"]
[Date "2021.08.19"]
[Round "10.33"]
[White "Havanecz, Bianka"]
[Black "Narva, Triin"]
[Result "1/2-1/2"]
[WhiteTitle "WIM"]
[BlackTitle "WFM"]
[WhiteElo "2257"]
[BlackElo "2100"]
[WhiteFideId "704814"]
[BlackFideId "4502680"]
[EventDate "2021.08.09"]

1. d4 d5 2. c4 e5 3. dxe5 d4 4. a3 Nc6 5. Nf3 Nge7 6. Bf4 Ng6 7. Bg3 a5 8. h4 h5
9. b3 Bg4 10. Nbd2 Be7 11. Qc2 Qd7 12. Qd3 Rd8 13. e3 O-O 14. exd4 Bf5 15. Qc3
Nxd4 16. Nxd4 Qxd4 17. Qxd4 Rxd4 18. Be2 Nxh4 19. Bxh4 Rxh4 20. Rxh4 Bxh4 21. g3
Be7 22. Bxh5 Rd8 23. Bf3 c6 24. Be4 Rxd2 25. Bxf5 Rb2 26. Rb1 Rxb1+ 27. Bxb1
Bxa3 28. Ke2 Kf8 29. f4 Ke7 30. Ke3 Bb2 31. g4 f6 32. exf6+ gxf6 33. Ke4 b6 34.
g5 fxg5 35. fxg5 Kf7 36. Kf5 Bd4 37. Be4 Kg7 38. Bxc6 Be3 1/2-1/2

[Event "21st ch-EUR Indiv w 2021"]
[Site "Iasi ROU"]
[Date "2021.08.19"]
[Round "10.34"]
[White "Tarasenka, Aliaksandra"]
[Black "Eric, Jovana"]
[Result "1/2-1/2"]
[WhiteTitle "WFM"]
[BlackTitle "WGM"]
[WhiteElo "2061"]
[BlackElo "2254"]
[WhiteFideId "13514288"]
[BlackFideId "938238"]
[EventDate "2021.08.09"]

1. d4 d5 2. c4 c6 3. Qc2 Nf6 4. Nf3 dxc4 5. Qxc4 Bf5 6. Nc3 e6 7. g3 Nbd7 8. Bg2
Be7 9. O-O Ne4 10. a4 a5 11. Nd2 Nd6 12. Qb3 O-O 13. e4 Bg6 14. Nc4 Nxc4 15.
Qxc4 Bb4 16. Rd1 Nf6 17. Qe2 Qb6 18. Bg5 Bh5 19. f3 e5 20. Bxf6 gxf6 21. Kh1
exd4 22. Na2 Rad8 23. Nc1 Rfe8 24. g4 Bg6 25. Qf2 Bf8 26. Bf1 Bh6 27. Bd3 Be3
28. Qc2 c5 29. Ne2 Qd6 30. Kg2 Rc8 31. b3 Qe5 32. Rh1 h5 33. h3 Kg7 34. Ng3 Rh8
35. Qe2 Bf4 36. Qf2 Rc6 37. Ne2 Be3 38. Qg3 Qe7 39. Nf4 h4 40. Nd5 Qd8 41. Qh2
Rd6 42. Nf4 Qb6 43. Rhb1 Re8 44. Ra2 Rdd8 45. Ne2 Re5 46. Kf1 Qc6 47. Qg2 c4 48.
bxc4 Rc5 49. Nc1 Rxc4 50. Bxc4 Qxc4+ 51. Qe2 d3 52. Nxd3 Rxd3 53. Ra3 Ba7 54.
Qxd3 Qc5 55. Ke2 Qf2+ 56. Kd1 Bc5 57. Rab3 Qg1+ 58. Kc2 Qg2+ 59. Kc3 Qxh3 60.
Rxb7 Qg3 61. Kc4 Bb4 62. R7xb4 axb4 63. a5 h3 64. Kxb4 h2 65. Qf1 Qd6+ 66. Ka4
Qc6+ 67. Qb5 Bxe4 68. fxe4 Qxe4+ 69. Qb4 h1=Q 70. Rxh1 Qxh1 71. a6 Qd1+ 72. Kb5
Qd7+ 73. Kb6 Qd8+ 74. Ka7 Qd7+ 75. Kb6 Qd8+ 76. Kc6 Qc8+ 77. Kb5 Qb8+ 78. Ka4
Qa7 79. Qd6 Qg1 80. Qd7 Qa1+ 81. Kb5 Qb1+ 82. Kc6 Qe4+ 83. Kc7 Qa8 84. Qb5 Qa7+
85. Kc6 Qa8+ 86. Qb7 Qe8+ 87. Qd7 1/2-1/2

[Event "21st ch-EUR Indiv w 2021"]
[Site "Iasi ROU"]
[Date "2021.08.19"]
[Round "10.35"]
[White "Toncheva, Nadya"]
[Black "Efroimski, Marsel"]
[Result "0-1"]
[WhiteTitle "FM"]
[BlackTitle "IM"]
[WhiteElo "2156"]
[BlackElo "2446"]
[WhiteFideId "2924056"]
[BlackFideId "2810964"]
[EventDate "2021.08.09"]

1. e4 c5 2. c3 Nf6 3. e5 Nd5 4. Bc4 Nb6 5. Bb3 Nc6 6. Nf3 d5 7. exd6 c4 8. Bc2
Qxd6 9. O-O g6 10. h3 Bg7 11. b3 O-O 12. Na3 Be6 13. Qe2 cxb3 14. axb3 Nd5 15.
Ng5 Bd7 16. Ne4 Qb8 17. d4 e5 18. dxe5 Qxe5 19. Nc4 Nxc3 20. Qf3 Qf5 21. Bb2
Qxf3 22. gxf3 Ne2+ 23. Kh2 Ncd4 24. Bxd4 Nxd4 25. Bd1 b5 26. Ne3 Be5+ 27. Kg2
Ne6 28. Ra5 Nf4+ 29. Kh1 Bxh3 30. Rg1 a6 31. b4 Nd3 0-1

[Event "21st ch-EUR Indiv w 2021"]
[Site "Iasi ROU"]
[Date "2021.08.19"]
[Round "10.36"]
[White "Obada, Ema"]
[Black "Charochkina, Daria"]
[Result "0-1"]
[WhiteTitle "WCM"]
[BlackTitle "IM"]
[WhiteElo "1981"]
[BlackElo "2340"]
[WhiteFideId "1234803"]
[BlackFideId "4180917"]
[EventDate "2021.08.09"]

1. e4 c5 2. Nf3 a6 3. Nc3 b5 4. d4 cxd4 5. Nxd4 e6 6. Bd3 Qc7 7. O-O Nf6 8. Kh1
Bb7 9. Qe2 d6 10. f4 Nbd7 11. Bd2 Nc5 12. e5 Nfd7 13. Rae1 b4 14. Nd1 Nxd3 15.
cxd3 dxe5 16. fxe5 Nb6 17. Qh5 g6 18. Qh4 Be7 19. Qh3 Qd7 20. Nc2 Rc8 21. Na1
O-O 22. Bh6 Nd5 23. Nf2 f5 24. exf6 Rxf6 25. Ne4 Rf5 26. Ng3 Rxf1+ 27. Rxf1 Bf6
28. Ne4 Be7 29. Nb3 Rc2 30. Nbc5 Rxc5 31. Nxc5 Bxc5 32. d4 Be7 33. Qg3 Bf6 34.
h4 Qe8 35. Qd6 Bc8 36. a3 a5 37. axb4 axb4 38. Ra1 Qd8 39. Qb8 Bxd4 40. Bg5 Qf8
41. Rc1 Ba6 42. Qg3 h6 43. Bd2 Kh7 44. Qg4 Qf2 45. h5 Bd3 46. hxg6+ Bxg6 47. Rd1
Bf5 0-1

[Event "21st ch-EUR Indiv w 2021"]
[Site "Iasi ROU"]
[Date "2021.08.19"]
[Round "10.37"]
[White "Lehaci, Miruna-Daria"]
[Black "Hapala, Elisabeth"]
[Result "1/2-1/2"]
[WhiteTitle "WFM"]
[BlackTitle "WFM"]
[WhiteElo "2267"]
[BlackElo "2160"]
[WhiteFideId "1234765"]
[BlackFideId "1622080"]
[EventDate "2021.08.09"]

1. d4 Nf6 2. Bf4 e6 3. e3 c5 4. Nc3 cxd4 5. exd4 Bb4 6. Qf3 Nd5 7. Bd2 Nxc3 8.
Bxc3 Qa5 9. Ne2 Nc6 10. Qe3 O-O 11. Qd2 b6 12. a3 Bxc3 13. Nxc3 Ba6 14. h4 Rac8
15. Rh3 Bxf1 16. Kxf1 Ne7 17. Rd1 Nd5 18. Nxd5 Qxd5 19. Kg1 Kh8 20. c3 b5 21.
Qf4 a5 22. Rg3 f6 23. Rdd3 Rb8 24. Qg4 Rg8 25. h5 Rbc8 26. Rdf3 Rcf8 27. Qf4 Rf7
28. Rh3 Rc8 29. Re3 Rff8 30. Kh2 Qc4 31. Rhg3 Qd5 32. Qg4 Rg8 33. f4 Rb8 34.
Ref3 Qf5 35. Qxf5 exf5 36. Re3 Rge8 37. Kg1 Re4 38. d5 Rbe8 39. Rxe4 Rxe4 40.
Rf3 Re2 41. b4 axb4 42. cxb4 Kg8 43. Rc3 Kf7 44. Rc5 Ra2 45. Rxb5 Rxa3 46. Rb8
Ke7 47. Rg8 Kf7 48. Rb8 Rd3 49. b5 Rxd5 50. b6 Rb5 51. b7 Rb2 52. Kf1 h6 53. Kg1
Ke7 54. Rg8 Rxb7 55. Rxg7+ Ke6 56. Rh7 Rb4 57. g3 Rb2 58. Rxh6 d5 59. Rh8 Kf7
60. Rd8 Rd2 61. Rd7+ Kg8 62. h6 d4 63. Kf1 Rh2 64. Rxd4 Rxh6 65. Rd5 Rh2 66.
Rxf5 Kg7 67. Rd5 Ra2 68. Ke1 Rg2 69. Rd3 Kg6 70. Kf1 Ra2 71. g4 Ra4 72. Rf3 Ra2
73. Rf2 Ra1+ 74. Kg2 Ra3 75. Rf3 Ra2+ 76. Kg3 Ra1 77. Rb3 Rg1+ 78. Kh3 Rf1 79.
Rb4 Rh1+ 80. Kg2 Ra1 81. Rb6 Ra2+ 82. Kg3 Kg7 83. Rb8 Ra1 84. Rb2 Kg6 85. Rc2
Ra3+ 86. Kg2 Kg7 87. Rc6 Rb3 88. Rc2 Kg6 89. Rf2 Ra3 90. Rf3 Ra2+ 91. Kg3 Ra1
92. Rb3 Rg1+ 93. Kh3 Rh1+ 94. Kg2 Ra1 95. Rb6 Kg7 96. Kf3 Ra4 97. Kg3 Ra1 98. f5
Rg1+ 99. Kf3 Rf1+ 100. Kg2 Ra1 101. Re6 Rb1 102. Kf2 Ra1 103. Kf3 Rf1+ 104. Kg3
Rg1+ 105. Kf3 Rf1+ 106. Kg2 Ra1 107. Kg3 Rg1+ 108. Kf4 Rf1+ 109. Kg3 1/2-1/2

[Event "21st ch-EUR Indiv w 2021"]
[Site "Iasi ROU"]
[Date "2021.08.19"]
[Round "10.38"]
[White "Matasaru, Stephanie"]
[Black "Abdulla, Khayala"]
[Result "0-1"]
[BlackTitle "WGM"]
[WhiteElo "1741"]
[BlackElo "2264"]
[WhiteFideId "1242040"]
[BlackFideId "13401807"]
[EventDate "2021.08.09"]

1. e4 c5 2. Nf3 Nf6 3. e5 Nd5 4. Nc3 e6 5. Ne4 Be7 6. c4 Nb4 7. Be2 Qc7 8. d4
cxd4 9. Bf4 Qc6 10. Bd3 d5 11. cxd5 Qxd5 12. O-O Nxd3 13. Qxd3 Nc6 14. a3 b6 15.
Rfe1 Bb7 16. Rad1 Rd8 17. b4 a6 18. Ned2 h6 19. Nc4 g5 20. Bc1 g4 21. Nxb6 Qb5
22. Qxb5 axb5 23. Nd2 Ba6 24. a4 Bxb4 25. axb5 Bxb5 26. Re4 Bxd2 27. Bxd2 Rb8 0-1

[Event "21st ch-EUR Indiv w 2021"]
[Site "Iasi ROU"]
[Date "2021.08.19"]
[Round "10.39"]
[White "Navrotescu, Andreea"]
[Black "Novosadova, Kristyna"]
[Result "1-0"]
[WhiteTitle "WIM"]
[BlackTitle "WIM"]
[WhiteElo "2249"]
[BlackElo "2138"]
[WhiteFideId "675946"]
[BlackFideId "328065"]
[EventDate "2021.08.09"]

1. c4 Nf6 2. Nc3 e5 3. g3 g6 4. Bg2 Nc6 5. e4 Bc5 6. Na4 Bd4 7. Ne2 d6 8. Nxd4
exd4 9. d3 Ne5 10. b3 c5 11. h3 h6 12. f4 Nc6 13. O-O Nh5 14. Qf3 Ng7 15. e5 O-O
16. exd6 Qxd6 17. Qd5 Qxd5 18. cxd5 Nb4 19. Nxc5 Rd8 20. d6 Rxd6 21. Nxb7 Bxb7
22. Bxb7 Rb8 23. Be4 f5 24. Bf3 Nxd3 25. Bd2 Ne6 26. Be2 Ndc5 27. Bc4 Ne4 28.
Ba5 Kh7 29. Rf3 Rb7 30. Rd1 Nd8 31. Be1 Nc6 32. a3 a5 33. b4 axb4 34. axb4 Nxb4
35. Rb3 Nc3 36. Bxc3 dxc3 37. Rxd6 c2 38. Rc3 Ra7 39. Bf1 h5 40. Rd4 Rb7 41.
Rdc4 Kh6 42. Rb3 1-0

[Event "21st ch-EUR Indiv w 2021"]
[Site "Iasi ROU"]
[Date "2021.08.19"]
[Round "10.40"]
[White "Gajcin, Marina"]
[Black "Kazarian, Anna-Maja"]
[Result "1-0"]
[WhiteTitle "WIM"]
[BlackTitle "FM"]
[WhiteElo "2219"]
[BlackElo "2096"]
[WhiteFideId "949086"]
[BlackFideId "1033689"]
[EventDate "2021.08.09"]

1. e4 e6 2. d4 d5 3. Nc3 Nf6 4. e5 Nfd7 5. f4 c5 6. Nf3 Nc6 7. Be3 a6 8. Qd2 b5
9. a3 Qa5 10. dxc5 Bxc5 11. Bxc5 Nxc5 12. Nd4 Nxd4 13. Qxd4 Qb6 14. a4 bxa4 15.
Nxa4 Nxa4 16. Rxa4 Qxd4 17. Rxd4 Rb8 18. b3 Ke7 19. Ra4 Rb6 20. Kd2 Bb7 21. Bd3
Rc8 22. Rha1 Rcc6 23. g4 h6 24. h4 Bc8 25. h5 f6 26. g5 hxg5 27. fxg5 fxe5 28.
h6 gxh6 29. gxh6 Bd7 30. h7 Rc8 31. Rg4 Rbb8 32. Rg7+ Kd6 33. Rxa6+ Bc6 34. Bg6
e4 35. Bf7 Rh8 36. Bxe6 e3+ 37. Ke2 Kc5 38. Bd7 Bb7 39. Rag6 d4 40. Bf5 Bd5 41.
Rc7+ Kb4 42. Rg4 Ka3 43. Rxd4 Rbd8 44. Kxe3 Rhe8+ 45. Kf4 Re1 46. Rxd5 1-0

[Event "21st ch-EUR Indiv w 2021"]
[Site "Iasi ROU"]
[Date "2021.08.19"]
[Round "10.41"]
[White "Ghukasyan, Siranush"]
[Black "Verbin, Valentina"]
[Result "0-1"]
[WhiteTitle "WIM"]
[WhiteElo "2194"]
[BlackElo "2012"]
[WhiteFideId "13300946"]
[BlackFideId "13905910"]
[EventDate "2021.08.09"]

1. e4 c5 2. Nf3 d6 3. d4 cxd4 4. Nxd4 Nf6 5. Nc3 a6 6. Be3 e5 7. Nf3 Be7 8. Bc4
Be6 9. Bxe6 fxe6 10. Ng5 Qd7 11. Qf3 Nc6 12. Qh3 Nd8 13. Bb6 h6 14. Bxd8 Bxd8
15. O-O-O Ba5 16. Rd3 Ke7 17. Nf3 Bxc3 18. Rxc3 Rhc8 19. Nd2 Rxc3 20. Qxc3 Rc8
21. Qd3 b5 22. f3 a5 23. Rd1 a4 24. a3 Rc5 25. Nb1 Qc6 26. Nc3 Rc4 27. Na2 Qc5
28. Qe2 d5 29. exd5 Nxd5 30. c3 e4 31. fxe4 Ne3 32. Re1 Rxe4 33. Qd3 Qg5 34. Kb1
Qxg2 35. Re2 Qh1+ 36. Nc1 Nc4 37. Kc2 Rxe2+ 38. Qxe2 Qg1 39. Kb1 e5 40. Qc2 Qe1
41. Qg2 Qe4+ 42. Qxe4 Nd2+ 43. Kc2 Nxe4 44. b3 Kd6 45. bxa4 bxa4 46. Kd3 Nc5+
47. Kc4 g5 48. Ne2 Ne4 49. Kb4 h5 50. h3 h4 51. Ng1 Nf2 52. Kc4 g4 53. hxg4 h3
54. Nf3 Nxg4 55. Ng5 h2 56. Ne4+ Kc6 57. Ng3 Nf2 58. Kb4 e4 0-1

[Event "21st ch-EUR Indiv w 2021"]
[Site "Iasi ROU"]
[Date "2021.08.19"]
[Round "10.42"]
[White "Makropoulou, Marina"]
[Black "Zeliantsova, Kseniya"]
[Result "1-0"]
[WhiteTitle "WGM"]
[BlackTitle "WFM"]
[WhiteElo "2186"]
[BlackElo "1970"]
[WhiteFideId "4200187"]
[BlackFideId "13512617"]
[EventDate "2021.08.09"]

1. e4 c5 2. Nf3 Nc6 3. Bb5 g6 4. c3 Nf6 5. Qe2 Bg7 6. d4 cxd4 7. cxd4 d5 8. e5
Ne4 9. O-O O-O 10. Be3 Qb6 11. Nc3 Nxc3 12. bxc3 Bg4 13. Rab1 Rac8 14. h3 Bxf3
15. Qxf3 e6 16. h4 Qd8 17. h5 Qh4 18. Qd1 Qe7 19. g3 Na5 20. Kg2 a6 21. Be2 Rfe8
22. Rh1 Nc4 23. Bc1 b5 24. Bd3 Nb6 25. hxg6 hxg6 26. Bd2 Rc7 27. Qg4 Rec8 28.
Bg5 f6 29. exf6 Bxf6 30. Bf4 Rxc3 31. Bxg6 Bg7 32. Rbe1 R8c6 33. Bg5 Qd7 34. Qf4
e5 35. Bh7+ Kh8 36. dxe5 Qb7 37. Qg4 R3c4 38. Qh5 Qb8 39. Qf7 1-0